<?xml version="1.0" encoding="UTF-8"?>
<record
    xmlns:xsi="http://www.w3.org/2001/XMLSchema-instance"
    xsi:schemaLocation="http://www.loc.gov/MARC21/slim http://www.loc.gov/standards/marcxml/schema/MARC21slim.xsd"
    xmlns="http://www.loc.gov/MARC21/slim">

  <leader>00612nam a22002177a 4500</leader>
  <controlfield tag="003">UA-OsUOA</controlfield>
  <controlfield tag="001"> 69003 </controlfield>
  <controlfield tag="007">ta</controlfield>
  <controlfield tag="008">20100531b un ||||| |||| 00| 0 ukr d</controlfield>
  <datafield tag="100" ind1=" " ind2=" ">
    <subfield code="a">&#x41A;&#x443;&#x43B;&#x442;&#x430;&#x454;&#x432;&#x430; &#x41C;.</subfield>
  </datafield>
  <datafield tag="090" ind1=" " ind2=" ">
    <subfield code="a">101</subfield>
    <subfield code="b">&#x41A;90</subfield>
  </datafield>
  <datafield tag="942" ind1=" " ind2=" ">
    <subfield code="c">SA</subfield>
  </datafield>
  <datafield tag="040" ind1=" " ind2=" ">
    <subfield code="a">UA-OsUOA</subfield>
    <subfield code="b">ukr</subfield>
    <subfield code="c">UA-OsUOA</subfield>
    <subfield code="d">UA-OsUOA</subfield>
  </datafield>
  <datafield tag="245" ind1=" " ind2=" ">
    <subfield code="a">&#x410;&#x43F;&#x43E;&#x43B;&#x43E;&#x433;&#x435;&#x442;&#x438;&#x447;&#x43D;&#x438;&#x439; &#x43D;&#x430;&#x441;&#x442;&#x443;&#x43F; &#x444;&#x456;&#x43B;&#x43E;&#x441;&#x43E;&#x444;&#x456;&#x457;: &#x43D;&#x456;&#x43C;&#x435;&#x446;&#x44C;&#x43A;&#x438;&#x439; &#x434;&#x43E;&#x441;&#x432;&#x456;&#x434;</subfield>
  </datafield>
  <datafield tag="300" ind1=" " ind2=" ">
    <subfield code="a">&#x421;.57-68</subfield>
  </datafield>
  <datafield tag="955" ind1=" " ind2=" ">
    <subfield code="a">0</subfield>
  </datafield>
  <datafield tag="041" ind1=" " ind2=" ">
    <subfield code="a">ukr</subfield>
  </datafield>
  <datafield tag="080" ind1=" " ind2=" ">
    <subfield code="a">101</subfield>
  </datafield>
  <datafield tag="773" ind1="0" ind2=" ">
    <subfield code="w">68999</subfield>
    <subfield code="t">&#x424;&#x456;&#x43B;&#x43E;&#x441;&#x43E;&#x444;&#x441;&#x44C;&#x43A;&#x430; &#x434;&#x443;&#x43C;&#x43A;&#x430;</subfield>
    <subfield code="d">&#x41A;.</subfield>
    <subfield code="d">2010</subfield>
    <subfield code="g">2</subfield>
  </datafield>
  <datafield tag="650" ind1=" " ind2="7">
    <subfield code="a">1 &#x424;&#x456;&#x43B;&#x43E;&#x441;&#x43E;&#x444;&#x441;&#x44C;&#x43A;&#x456; &#x43D;&#x430;&#x443;&#x43A;&#x438;</subfield>
    <subfield code="2">UDC</subfield>
  </datafield>
  <datafield tag="999" ind1=" " ind2=" ">
    <subfield code="c">355256</subfield>
    <subfield code="d">355256</subfield>
  </datafield>
</record>
